• 首页
  • 本馆介绍
  • 公告通知
  • 最新文献
  • 馆藏检索
  • 电子资源
  • 读者导购
  • 参考咨询
  • 我的图书馆
  • 登录
  • 详细信息显示
  • 放入我的书架
  • 预约/预借图书
  • 作者相关作品
  • 分类相关作品
  • 丛书相关作品
  • 出版社相关作品

书目信息

  • 表格格式
  • 工作单格式
  • 卡片格式
题名:
常见字词纠错小字典
    
 
作者: 张成有 主编
分册:  
出版信息: 呼和浩特   远方出版社  2003.05
页数: 626页
开本: 11cm
丛书名:
单 册:
中图分类: H163
科图分类:
主题词: 汉语--词典学
电子资源:
ISBN: 7-80595-585-9
000 00574nam0 2200181 450
001 0854832388
005 20080618101126.71
010    @a7-80595-585-9@b精装@dCNY6.80
100    @a20080617d2003 km y0chiy0120 ea
101 0  @achi
200 1  @a常见字词纠错小字典@Achang jian zi ci jiu cuo xiao zi dian@f张成有等主编@Fzhang cheng you deng zhu bian
210    @a呼和浩特@c远方出版社@d2003.05
215    @a626页@d11cm
606 0  @a汉语@x词典学
690    @aH163@v4
701  0 @a张成有@Azhang cheng you@4主编
801  0 @aCN@b山东省滨州职业学院图书馆@c20080618
905    @aBZT@dH163@e18
    
    常见字词纠错小字典/张成有等主编.-呼和浩特:远方出版社,2003.05
    626页;11cm
    
    
    ISBN 7-80595-585-9(精装):CNY6.80
    
●
相关链接 在五车中查询图书 在当当中查询图书 在豆瓣中查询图书


正题名:常见字词纠错小字典     索取号:H163/18         预约/预借

序号 登录号 条形码 馆藏地/架位号 状态 备注
1 681007   2000681007   中心书库中库/ 中库040架B面2列4层12/ [索取号:H163/18] 在馆    
2 681008   2000681008   中心书库中库/ 中库040架B面2列4层8/ [索取号:H163/18] 在馆    
3 681009   2000681009   中心书库中库/ 中库040架B面2列4层7/ [索取号:H163/18] 在馆    
4 681010   2000681010   中心书库中库/ 中库040架B面2列4层6/ [索取号:H163/18] 在馆    
5 681011   2000681011   中心书库中库/ 中库040架B面2列4层3/ [索取号:H163/18] 在馆    
6 681012   2000681012   中心书库中库/ 中库040架B面2列4层13/ [索取号:H163/18] 在馆    
7 681016   2000681016   中心书库中库/ 中库040架B面2列4层14/ [索取号:H163/18] 在馆    
山东省滨州职业学院图书馆 欢迎您!
大连网信软件有限公司© 版权所有